Top 5 Nationalities in US Prisons - Statistics

General Stats
  • This quiz has been taken 573 times
  • The average score is 3 of 5
Answer Stats
% of total prison population Country % Correct
78.7 United States
96%
13.9 Mexico
94%
0.7 Cuba
63%
0.9 Colombia
51%
0.8 Dominican Republic
28%
No matching quizzes found
Score Distribution
Percent of People with Each Score
Percentile by Number Answered
Your Score History
You have not taken this quiz